[Event "Chigorin Memorial 18th"]
[Site "St Petersburg"]
[Date "2010.10.28"]
[Round "1"]
[White "Bolbot, Artem"]
[Black "Duzhakov, Ilya"]
[Result "0-1"]
[WhiteElo "1665"]
[BlackElo "2336"]
[PlyCount "86"]
[EventDate "2010.10.28"]
[EventType "swiss"]
[EventRounds "9"]
[EventCountry "RUS"]
[SourceTitle "EXT 2011"]
[Source "ChessBase"]
[SourceDate "2010.11.26"]
[SourceVersion "1"]
[SourceVersionDate "2010.11.26"]
[SourceQuality "1"]

1. d4 Nf6 2. Nf3 g6 3. c4 Bg7 4. Nc3 0-0 5. e4 d6 6. Be2 e5 7. d5 Nbd7 8. b4 a5 9. b5 Nc5 10. Qc2 Nh5 11. Be3 Nf4 12. 0-0 b6 13. Bxc5 bxc5 14. Rab1 f5 15. Rfe1 g5 16. g3 Nxe2+ 17. Qxe2 f4 18. Nd2 f3 19. Qd3 g4 20. Rb2 Rf6 21. h4 Rh6 22. Reb1 Rb8 23. a4 Bf6 24. Kf1 Bxh4 25. gxh4 Rxh4 26. Ke1 Rh1+ 27. Nf1 h5 28. Kd2 Qf6 29. Qe3 Rb6 30. Kd3 h4 31. Rc2 Kf7 32. Rcb2 Bd7 33. Nd2 Rh3 34. Rg1 Rb8 35. Rbb1 g3 36. Rh1 Rxh1 37. Rxh1 g2 38. Rg1 Bg4 39. Nf1 gxf1Q+ 40. Rxf1 Bh3 41. Rg1 Bg2 42. Nb1 h3 43. Nd2 h2 0-1